Số chuyên đề về pháp lệnh luật sư năm 2001 : Tạp chí Dân chủ & Pháp luật
Tallennettuna:
| Yhteisötekijä: | |
|---|---|
| Aineistotyyppi: | Kirja |
| Kieli: | Undetermined |
| Julkaistu: |
Hà Nội
Bộ Tư pháp
2001
|
| Aiheet: | |
| Tagit: |
Lisää tagi
Ei tageja, Lisää ensimmäinen tagi!
|
| Thư viện lưu trữ: | Trung tâm Học liệu Trường Đại học Cần Thơ |
|---|
| LEADER | 00604nam a2200205Ia 4500 | ||
|---|---|---|---|
| 001 | CTU_155775 | ||
| 008 | 210402s9999 xx 000 0 und d | ||
| 020 | |c 25000 | ||
| 082 | |a 340.597023 | ||
| 082 | |b B450 | ||
| 110 | |a Bộ Tư pháp | ||
| 245 | 0 | |a Số chuyên đề về pháp lệnh luật sư năm 2001 : | |
| 245 | 0 | |b Tạp chí Dân chủ & Pháp luật | |
| 245 | 0 | |c Bộ Tư pháp | |
| 260 | |a Hà Nội | ||
| 260 | |b Bộ Tư pháp | ||
| 260 | |c 2001 | ||
| 650 | |a Lawyers | ||
| 904 | |i Giang | ||
| 980 | |a Trung tâm Học liệu Trường Đại học Cần Thơ | ||